[Event "ARG-ch sf 98th"]
[Site "Buenos Aires"]
[Date "2023.05.03"]
[Round "5"]
[White "Paris, Adolfo"]
[Black "Besso, Guadalupe"]
[Result "1/2-1/2"]
[WhiteElo "1815"]
[BlackElo "2023"]
[PlyCount "101"]
[EventDate "2023.04.29"]
[EventType "swiss"]
[EventRounds "9"]
[EventCountry "ARG"]
[SourceTitle "CBM 214 Extra"]
[Source "ChessBase"]
[SourceDate "2023.07.31"]
[SourceVersion "1"]
[SourceVersionDate "2023.07.31"]
[SourceQuality "1"]

1. c4 e5 2. g3 Nf6 3. Bg2 c6 4. d4 exd4 5. Qxd4 d5 6. cxd5 cxd5 7. Nc3 Nc6 8. Qa4 Be7 9. Nf3 0-0 10. 0-0 h6 11. Rd1 Qb6 12. Qb5 Qxb5 13. Nxb5 Bf5 14. Bf4 a6 15. Nbd4 Nxd4 16. Nxd4 Be4 17. Bh3 Nh5 18. Be3 Bd6 19. Nf5 Be5 20. Bd4 Bxf5 21. Bxf5 Bxd4 22. Rxd4 Nf6 23. Rc1 Rfe8 24. e3 Re7 25. Bh3 Rd8 26. Kf1 Kf8 27. Ke2 Ke8 28. f3 g5 29. a4 a5 30. Rc5 Ra8 31. Bf5 Kf8 32. Rd3 Ra6 33. Rb3 d4 34. e4 g4 35. Rd3 gxf3+ 36. Kxf3 Nd7 37. Rc8+ Kg7 38. Rxd4 Ne5+ 39. Ke3 Rb6 40. Rc2 Rb3+ 41. Ke2 Re8 42. Rd5 b6 43. Rb5 Rxb5 44. axb5 Rd8 45. Rd2 Rxd2+ 46. Kxd2 Kf6 47. h3 Ke7 48. Kc3 Kd6 49. b4 axb4+ 50. Kxb4 f6 51. h4 1/2-1/2

[Event "Olympiad Women-44"]
[Site "Chennai"]
[Date "2022.08.03"]
[Round "6.4"]
[White "Mosurovic, Milena"]
[Black "Besso, Guadalupe"]
[Result "1/2-1/2"]
[WhiteElo "1452"]
[BlackElo "2059"]
[PlyCount "201"]
[EventDate "2022.07.29"]
[EventType "team-swiss"]
[EventRounds "11"]
[EventCountry "IND"]
[SourceTitle "CBM 210"]
[Source "ChessBase"]
[SourceDate "2022.10.31"]
[SourceVersion "1"]
[SourceVersionDate "2022.10.31"]
[SourceQuality "1"]
[WhiteTeam "Montenegro (W)"]
[BlackTeam "Argentina (W)"]
[WhiteTeamCountry "MNE"]
[BlackTeamCountry "ARG"]

1. e4 c5 2. Nc3 Nc6 3. g3 g6 4. Bg2 Bg7 5. d3 d6 6. Be3 Rb8 7. Qd2 b5 8. Nd1 e6 9. Ne2 Nge7 10. Bh6 0-0 11. Bxg7 Kxg7 12. Ne3 e5 13. 0-0 Be6 14. f4 f6 15. f5 Bf7 16. fxg6 hxg6 17. Ng4 Ng8 18. Rf2 Be6 19. Ne3 Nce7 20. Raf1 d5 21. exd5 Nxd5 22. Nxd5 Bxd5 23. Bxd5 Qxd5 24. Nc3 Qd4 25. Ne4 c4 26. Qa5 Rb7 27. Qa6 Qb6 28. Qxb6 Rxb6 29. Rd2 Rd8 30. dxc4 Rxd2 31. Nxd2 Rd6 32. Rf2 b4 33. Nb3 Rc6 34. c5 Kf7 35. Rd2 Ke6 36. Kf2 Ne7 37. Kf3 f5 38. h4 Ra6 39. Rd6+ Rxd6 40. cxd6 Kxd6 41. Ke3 Kd5 42. Nd2 Nc8 43. b3 Nd6 44. Nf3 Nb5 45. Ng5 Nd4 46. Kd2 Nb5 47. Nf7 Nc3 48. Nh8 Ne4+ 49. Ke3 Nxg3 50. Nxg6 Kd6 51. Kf3 Nh5 52. Nf8 Nf6 53. Ke3 Kd5 54. Ng6 Ke6 55. Kf3 Nh7 56. h5 Kf6 57. Kg3 Ng5 58. Nf8 f4+ 59. Kf2 e4 60. Nd7+ Kf5 61. Nc5 Kg4 62. h6 e3+ 63. Ke2 Nh7 64. Nd3 a5 65. Ne5+ Kf5 66. Nd3 Ke4 67. Nc5+ Kf5 68. Nd3 Kg4 69. Ne5+ Kg3 70. Nf3 Kg4 71. Ne5+ Kf5 72. Nd3 Ng5 73. Kf1 f3 74. Ne1 Ke4 75. Nd3 Nh7 76. Ke1 Kd4 77. Nf4 Ke4 78. Nd3 Kf5 79. Kf1 Kg4 80. Ne5+ Kg3 81. Nd3 Ng5 82. Nc1 Kh4 83. Nd3 Kg3 84. Nc1 Kh2 85. Nd3 Kg3 86. Nc1 Kh4 87. Nd3 Kh5 88. Ne5 e2+ 89. Kf2 Kxh6 90. Nxf3 Nxf3 91. Kxe2 Nd4+ 92. Kd3 Nb5 93. Kc4 Nc3 94. a3 bxa3 95. Kxc3 Kg5 96. b4 axb4+ 97. Kb3 Kf4 98. c3 bxc3 99. Kxc3 a2 100. Kb2 Ke4 101. Kxa2 1/2-1/2

[Event "Mar del Plata op 51st"]
[Site "Mar del Plata"]
[Date "2022.04.10"]
[Round "3"]
[White "Slipak, Sergio"]
[Black "Besso, Guadalupe"]
[Result "1-0"]
[WhiteElo "2386"]
[BlackElo "2127"]
[PlyCount "83"]
[EventDate "2022.04.09"]
[EventType "swiss"]
[EventRounds "9"]
[EventCountry "ARG"]
[SourceTitle "CBM 208 Extra"]
[Source "ChessBase"]
[SourceDate "2022.07.31"]
[SourceVersion "1"]
[SourceVersionDate "2022.07.31"]
[SourceQuality "1"]

1. e4 c6 2. d4 d5 3. exd5 cxd5 4. Bd3 Nc6 5. c3 Nf6 6. Bf4 e6 7. Nf3 Bd6 8. Bg5 0-0 9. 0-0 a6 10. Re1 Be7 11. Nbd2 b5 12. b4 Bb7 13. Nb3 a5 14. Nc5 Qc7 15. Bxb5 axb4 16. Bxc6 Bxc6 17. cxb4 Bxc5 18. dxc5 Ne4 19. Be3 e5 20. Qc2 Ra4 21. a3 Rfa8 22. Bc1 f6 23. Bb2 Qf7 24. Nxe5 fxe5 25. f3 Ng5 26. Rxe5 Ne6 27. Rae1 Re8 28. Qe2 Nc7 29. Rxe8+ Qxe8 30. Qd2 Qf7 31. Qg5 Ne8 32. Re7 Qg6 33. Qxg6 hxg6 34. Re6 Bd7 35. Rxg6 Kf7 36. Rb6 Ke7 37. c6 Bc8 38. Rb8 Kd8 39. b5 Rc4 40. b6 d4 41. b7 Nd6 42. Rxc8+ 1-0

[Event "Online Olym Div Top-D"]
[Site "Chess.com INT"]
[Date "2020.08.23"]
[Round "7.3"]
[White "Besso, Guadalupe"]
[Black "Ordaz Valdes, Lisandra Teresa"]
[Result "1/2-1/2"]
[WhiteElo "2092"]
[BlackElo "2369"]
[PlyCount "137"]
[EventDate "2020.08.21"]
[EventType "team-tourn (rapid)"]
[EventRounds "9"]
[EventCountry "USA"]
[SourceTitle "CBM 198"]
[Source "ChessBase"]
[SourceDate "2020.10.31"]
[SourceVersion "1"]
[SourceVersionDate "2020.10.31"]
[SourceQuality "1"]
[WhiteTeam "Argentina"]
[BlackTeam "Cuba"]
[WhiteTeamCountry "ARG"]
[BlackTeamCountry "CUB"]

1. d4 c5 2. d5 e5 3. c4 d6 4. e4 Be7 5. Nf3 Bg4 6. Nc3 Bxf3 7. Qxf3 Nf6 8. Bd3 0-0 9. 0-0 Nbd7 10. Be3 Ne8 11. a3 Bg5 12. b4 b6 13. Rab1 g6 14. Bxg5 Qxg5 15. Qg3 Qe7 16. Nd1 Ng7 17. Ne3 Kh8 18. Qh3 Nh5 19. g3 Rad8 20. Rbe1 cxb4 21. axb4 a5 22. bxa5 bxa5 23. Nf5 Qg5 24. Qh4 Qxh4 25. Nxh4 Nc5 26. Bc2 Rb8 27. Rb1 Rb4 28. Rxb4 axb4 29. f4 b3 30. Bb1 exf4 31. gxf4 Re8 32. f5 Nxe4 33. Re1 Nhf6 34. fxg6 hxg6 35. Nf3 Nc3 36. Rxe8+ Nxe8 37. Nd2 b2 38. Kf2 Nc7 39. Ke3 Nd1+ 40. Kd4 Na6 41. Ne4 Nc5 42. Nxd6 Nb3+ 43. Kd3 Nf2+ 44. Kc2 Nc5 45. Kxb2 Kg7 46. Kc3 Kf6 47. Kd4 Nb3+ 48. Kc3 Nc5 49. Bc2 Ke7 50. Nb5 f5 51. Kd4 Nb7 52. c5 Ng4 53. c6 Nd6 54. Kc5 Nxb5 55. Kxb5 Kd6 56. Kb6 Nf6 57. Bb3 Ne8 58. Kb7 g5 59. Bc2 f4 60. Bd1 Nc7 61. Bf3 Nb5 62. Kb8 Nc7 63. Kb7 Nb5 64. Kb6 Nc7 65. h3 Ne8 66. Kb7 Nc7 67. Kb6 Ne8 68. Kb7 Nc7 69. Kb6 1/2-1/2

[Event "Online Olym Div Top-D"]
[Site "Chess.com INT"]
[Date "2020.08.23"]
[Round "9.3"]
[White "Chumpitaz Carbajal, Ann"]
[Black "Besso, Guadalupe"]
[Result "1-0"]
[WhiteElo "2244"]
[BlackElo "2092"]
[PlyCount "77"]
[EventDate "2020.08.21"]
[EventType "team-tourn (rapid)"]
[EventRounds "9"]
[EventCountry "USA"]
[SourceTitle "CBM 198"]
[Source "ChessBase"]
[SourceDate "2020.10.31"]
[SourceVersion "1"]
[SourceVersionDate "2020.10.31"]
[SourceQuality "1"]
[WhiteTeam "Peru"]
[BlackTeam "Argentina"]
[WhiteTeamCountry "PER"]
[BlackTeamCountry "ARG"]

1. d4 d5 2. Nf3 c6 3. c4 Nf6 4. Nc3 g6 5. cxd5 cxd5 6. Bf4 Nc6 7. h3 Bg7 8. e3 0-0 9. Ne5 Bf5 10. Be2 Rc8 11. 0-0 a6 12. Rc1 Nb8 13. Qb3 b5 14. a4 bxa4 15. Nxa4 Qa5 16. Nc5 Ne4 17. Nxe4 Bxe4 18. Ra1 Qd2 19. Bxa6 Nxa6 20. Rxa6 Rc2 21. Nf3 Qe2 22. Rb6 Bd3 23. Nh2 g5 24. Bg3 Bc4 25. Qb4 Qh5 26. Ra1 f5 27. Rb8 Qf7 28. Rxf8+ Bxf8 29. Be5 f4 30. Nf3 fxe3 31. fxe3 h5 32. Qe1 h4 33. Nxg5 Qh5 34. Nf3 Be2 35. Nxh4 Kh7 36. Qg3 Bh6 37. Ra8 Rc1+ 38. Kh2 Bg4 39. Rh8# 1-0

[Event "Online Olym Div Top-D"]
[Site "Chess.com INT"]
[Date "2020.08.22"]
[Round "5.3"]
[White "Besso, Guadalupe"]
[Black "Terao, Juliana Sayumi"]
[Result "1/2-1/2"]
[WhiteElo "2092"]
[BlackElo "2281"]
[PlyCount "93"]
[EventDate "2020.08.21"]
[EventType "team-tourn (rapid)"]
[EventRounds "9"]
[EventCountry "USA"]
[SourceTitle "CBM 198"]
[Source "ChessBase"]
[SourceDate "2020.10.31"]
[SourceVersion "1"]
[SourceVersionDate "2020.10.31"]
[SourceQuality "1"]
[WhiteTeam "Argentina"]
[BlackTeam "Brazil"]
[WhiteTeamCountry "ARG"]
[BlackTeamCountry "BRA"]

1. d4 Nf6 2. c4 e6 3. Nc3 Bb4 4. Nf3 b6 5. e3 0-0 6. Bd3 Bb7 7. 0-0 d5 8. a3 Bxc3 9. bxc3 dxc4 10. Bxc4 c5 11. Qe2 Nbd7 12. Bb2 Qc7 13. Bd3 e5 14. Nxe5 Nxe5 15. dxe5 Qxe5 16. c4 Qe6 17. f3 Rad8 18. e4 Rfe8 19. Rad1 Nd7 20. e5 f6 21. f4 f5 22. Rd2 Nf8 23. Rfd1 Rd7 24. Bc2 Red8 25. Rxd7 Rxd7 26. Rxd7 Qxd7 27. h3 g6 28. e6 Qxe6 29. Qd3 Qc6 30. Qe2 Ne6 31. Be5 Kf7 32. Bd3 a6 33. Qf2 Nd4 34. Bf1 Qe4 35. Qh4 Ne2+ 36. Kh2 Ke8 37. Qf6 Nxf4 38. Qh8+ Kd7 39. Qxh7+ Ke6 40. Bxf4 Qxf4+ 41. Kg1 Qd4+ 42. Kh1 Be4 43. Qxg6+ Ke5 44. Qg3+ Ke6 45. Qg6+ Ke5 46. Qg3+ Ke6 47. Qg6+ 1/2-1/2

[Event "Online Olym Div Top-D"]
[Site "Chess.com INT"]
[Date "2020.08.21"]
[Round "2.3"]
[White "Tsolakidou, Stavroula"]
[Black "Besso, Guadalupe"]
[Result "1/2-1/2"]
[WhiteElo "2391"]
[BlackElo "2092"]
[PlyCount "104"]
[EventDate "2020.08.21"]
[EventType "team-tourn (rapid)"]
[EventRounds "9"]
[EventCountry "USA"]
[SourceTitle "CBM 198"]
[Source "ChessBase"]
[SourceDate "2020.10.31"]
[SourceVersion "1"]
[SourceVersionDate "2020.10.31"]
[SourceQuality "1"]
[WhiteTeam "Greece"]
[BlackTeam "Argentina"]
[WhiteTeamCountry "GRE"]
[BlackTeamCountry "ARG"]

1. e4 c6 2. d4 d5 3. e5 Bf5 4. h4 h5 5. Bd3 Bxd3 6. Qxd3 e6 7. Bg5 Qa5+ 8. Nd2 Qa6 9. c4 Nd7 10. Ne2 Be7 11. Qc3 Bxg5 12. hxg5 Ne7 13. Nf4 g6 14. a4 Qb6 15. a5 Qd8 16. b3 Nf5 17. Nf3 0-0 18. Ne2 Qe7 19. c5 Rfc8 20. b4 b6 21. Qd2 bxc5 22. dxc5 Rab8 23. Ned4 Rc7 24. a6 Rcc8 25. Ra5 Rc7 26. 0-0 Nf8 27. Nc2 Nh7 28. Qf4 d4 29. Nfxd4 Nxd4 30. Qxd4 Qxg5 31. Rd1 Rbc8 32. Ne3 Nf8 33. Nc4 Nd7 34. Ra3 Rb8 35. f4 Qg4 36. Ne3 Qe2 37. Raa1 Nf8 38. Rd2 Qb5 39. Rb1 Rd7 40. Qc3 Rbd8 41. Rbd1 Qxa6 42. Rxd7 Rxd7 43. Rxd7 Nxd7 44. Qd4 Nf8 45. Nc4 Qa4 46. Nd6 a5 47. Qe4 Qxb4 48. Qxc6 Qe1+ 49. Kh2 Qh4+ 50. Kg1 Qe1+ 51. Kh2 Qh4+ 52. Kg1 Qe1+ 1/2-1/2

[Event "Online Olym Div2 E"]
[Site "Chess.com INT"]
[Date "2020.08.16"]
[Round "7.3"]
[White "Besso, Guadalupe"]
[Black "Fierro Baquero, Martha Lorena"]
[Result "1/2-1/2"]
[WhiteElo "2092"]
[BlackElo "2359"]
[PlyCount "129"]
[EventDate "2020.08.14"]
[EventType "team-tourn (rapid)"]
[EventRounds "9"]
[EventCountry "USA"]
[SourceTitle "CBM 198"]
[Source "ChessBase"]
[SourceDate "2020.10.31"]
[SourceVersion "1"]
[SourceVersionDate "2020.10.31"]
[SourceQuality "1"]
[WhiteTeam "Argentina"]
[BlackTeam "Ecuador"]
[WhiteTeamCountry "ARG"]
[BlackTeamCountry "ECU"]

1. d4 g6 2. c4 Bg7 3. Nc3 c6 4. e4 d6 5. Be2 Nd7 6. Nf3 e5 7. 0-0 Ngf6 8. dxe5 dxe5 9. Qd6 Bf8 10. Qd1 Bb4 11. Bh6 Ng4 12. Bg5 Be7 13. Bxe7 Qxe7 14. h3 Ngf6 15. Qd2 0-0 16. Rfd1 Re8 17. Qe3 Nh5 18. Rd2 Nf4 19. Bf1 Nf8 20. Rad1 f6 21. Ne2 Nxe2+ 22. Bxe2 Be6 23. b3 a5 24. Qc3 Qb4 25. Qe3 a4 26. h4 axb3 27. axb3 Ra3 28. Rd3 Qe7 29. h5 Rea8 30. hxg6 hxg6 31. Ne1 Ra1 32. Qg3 Kg7 33. Bg4 Rxd1 34. Rxd1 Rd8 35. Rxd8 Qxd8 36. Bxe6 Nxe6 37. Qd3 Qd4 38. Kf1 Kf7 39. f3 Nf4 40. Qxd4 exd4 41. g3 Ne6 42. Nd3 c5 43. f4 b6 44. Ke2 Nd8 45. e5 Nc6 46. exf6 Kxf6 47. Kf3 Na5 48. Nc1 Nb7 49. Ke4 Ke6 50. Nd3 Nd6+ 51. Kf3 Kf6 52. Ne5 Ne8 53. Nd7+ Ke6 54. Nxb6 Nc7 55. Na4 Kd6 56. Ke4 Ne8 57. g4 Nf6+ 58. Kf3 Nd7 59. Nb2 Nb8 60. Nd3 Nc6 61. Ke4 Na5 62. Nc1 Nc6 63. Nd3 Na5 64. Nc1 Nc6 65. Nd3 1/2-1/2

[Event "Online Olym Div2 E"]
[Site "Chess.com INT"]
[Date "2020.08.16"]
[Round "9.3"]
[White "Milovic, Aleksandra"]
[Black "Besso, Guadalupe"]
[Result "0-1"]
[WhiteElo "2186"]
[BlackElo "2092"]
[PlyCount "92"]
[EventDate "2020.08.14"]
[EventType "team-tourn (rapid)"]
[EventRounds "9"]
[EventCountry "USA"]
[SourceTitle "CBM 198"]
[Source "ChessBase"]
[SourceDate "2020.10.31"]
[SourceVersion "1"]
[SourceVersionDate "2020.10.31"]
[SourceQuality "1"]
[WhiteTeam "Montenegro"]
[BlackTeam "Argentina"]
[WhiteTeamCountry "MNE"]
[BlackTeamCountry "ARG"]

1. Nc3 d5 2. d4 Nf6 3. Bg5 Nbd7 4. Qd3 g6 5. f3 Bg7 6. e4 dxe4 7. fxe4 Nb6 8. Nf3 0-0 9. e5 Nfd5 10. Nxd5 Nxd5 11. c4 Nb6 12. Be2 Bg4 13. 0-0-0 c6 14. h3 Bf5 15. Qd2 Qc7 16. Bh6 Rad8 17. Bxg7 Kxg7 18. g4 Be4 19. Qe3 Bxf3 20. Qxf3 c5 21. Qe4 cxd4 22. Rxd4 Rxd4 23. Qxd4 Rd8 24. Qc3 e6 25. h4 Qc5 26. h5 Qd4 27. h6+ Kg8 28. Qxd4 Rxd4 29. Kc2 Kf8 30. Kc3 Re4 31. Bf3 Re3+ 32. Kb4 Rxf3 33. a4 Nd7 34. Rd1 Ke7 35. Kb5 Nxe5 36. b4 Nd7 37. c5 Rf4 38. g5 Rf5 39. a5 Rxg5 40. a6 bxa6+ 41. Kxa6 Nxc5+ 42. bxc5 Rxc5 43. Kxa7 Rh5 44. Kb6 Rxh6 45. Kc6 Rh2 46. Kc5 Re2 0-1

[Event "Online Olym Div2 E"]
[Site "Chess.com INT"]
[Date "2020.08.15"]
[Round "4.3"]
[White "Cordero, Daniela"]
[Black "Besso, Guadalupe"]
[Result "1/2-1/2"]
[WhiteElo "2010"]
[BlackElo "2092"]
[PlyCount "160"]
[EventDate "2020.08.14"]
[EventType "team-tourn (rapid)"]
[EventRounds "9"]
[EventCountry "USA"]
[SourceTitle "CBM 198"]
[Source "ChessBase"]
[SourceDate "2020.10.31"]
[SourceVersion "1"]
[SourceVersionDate "2020.10.31"]
[SourceQuality "1"]
[WhiteTeam "Bolivia"]
[BlackTeam "Argentina"]
[WhiteTeamCountry "BOL"]
[BlackTeamCountry "ARG"]

1. d4 d5 2. Nf3 Nf6 3. c4 c6 4. Qc2 g6 5. Bf4 dxc4 6. Qxc4 Bg7 7. e3 0-0 8. Bd3 Be6 9. Qc2 Nd5 10. Be5 Nb4 11. Qd1 Nxd3+ 12. Qxd3 Nd7 13. Bxg7 Kxg7 14. 0-0 Nb6 15. Qc2 Rc8 16. Nbd2 Qc7 17. b4 Nd5 18. Qb2 Qb6 19. a3 Kg8 20. Ng5 Bd7 21. Nc4 Qc7 22. Rac1 Qd8 23. Nf3 Bf5 24. Rfd1 Bg4 25. Nce5 Bxf3 26. Nxf3 Qd6 27. g3 Nf6 28. Qe2 Qd5 29. Rc5 Qb3 30. Rd3 Qe6 31. Ng5 Qd7 32. e4 h6 33. Nf3 Qh3 34. Rd1 Rfd8 35. Re5 Rd7 36. Rc5 Rcd8 37. Rc4 Ng4 38. Qf1 Qxf1+ 39. Kxf1 Nf6 40. Ne5 Rd6 41. f3 Nd7 42. Nxd7 R6xd7 43. Ke2 e5 44. Ke3 b5 45. Rxc6 exd4+ 46. Kd3 Kf8 47. Rdc1 Rd6 48. Rxd6 Rxd6 49. Rc7 Ra6 50. Kxd4 Rxa3 51. f4 a6 52. Ra7 Ra2 53. Ke5 Kg7 54. f5 gxf5 55. exf5 Re2+ 56. Kf4 Rb2 57. Rxa6 Rxb4+ 58. Ke5 Rb2 59. Rb6 Rxh2 60. Rxb5 Rg2 61. Kf4 Rf2+ 62. Kg4 Ra2 63. Rb6 Ra4+ 64. Kh5 Ra5 65. g4 Rc5 66. Rxh6 f6 67. Rg6+ Kf7 68. Kh4 Rc3 69. Rh6 Kg7 70. Rg6+ Kf7 71. g5 fxg5+ 72. Kxg5 Rc1 73. Kf4 Rf1+ 74. Ke5 Re1+ 75. Kd4 Rd1+ 76. Ke3 Re1+ 77. Kf2 Re5 78. Rg5 Kf6 79. Rh5 Rxf5+ 80. Rxf5+ Kxf5 1/2-1/2

[Event "ARG-ch sf 95th"]
[Site "Buenos Aires"]
[Date "2020.02.26"]
[Round "5"]
[White "Sanhueza, Cristian"]
[Black "Besso, Guadalupe"]
[Result "1-0"]
[WhiteElo "2289"]
[BlackElo "2092"]
[PlyCount "63"]
[EventDate "2020.02.22"]
[EventType "swiss"]
[EventRounds "9"]
[EventCountry "ARG"]
[SourceTitle "CBM 195 Extra"]
[Source "ChessBase"]
[SourceDate "2020.05.31"]
[SourceVersion "1"]
[SourceVersionDate "2020.05.31"]
[SourceQuality "1"]

1. e4 c5 2. Nf3 d6 3. d4 cxd4 4. Nxd4 Nf6 5. Nc3 g6 6. f4 Nbd7 7. Be2 Bg7 8. Be3 0-0 9. 0-0 Nb6 10. a4 d5 11. e5 Ne4 12. Nxe4 dxe4 13. c4 Nd7 14. a5 Nc5 15. b4 Ne6 16. Nb5 a6 17. Nc3 f5 18. Qxd8 Rxd8 19. Nd5 Kf8 20. Rad1 Bh6 21. h4 Kf7 22. g3 Rh8 23. Kf2 Rb8 24. Nb6 Nc7 25. Rd2 Be6 26. Rfd1 Na8 27. Nd7 Rbd8 28. Nc5 Rxd2 29. Rxd2 Bc8 30. e6+ Bxe6 31. Nxb7 Rb8 32. Nd8+ 1-0

[Event "ARG-ch sf 95th"]
[Site "Buenos Aires"]
[Date "2020.02.23"]
[Round "2"]
[White "Besso, Guadalupe"]
[Black "Miranda, Rafael"]
[Result "1/2-1/2"]
[WhiteElo "2092"]
[BlackElo "2311"]
[PlyCount "26"]
[EventDate "2020.02.22"]
[EventType "swiss"]
[EventRounds "9"]
[EventCountry "ARG"]
[SourceTitle "CBM 195 Extra"]
[Source "ChessBase"]
[SourceDate "2020.05.31"]
[SourceVersion "1"]
[SourceVersionDate "2020.05.31"]
[SourceQuality "1"]

1. d4 Nf6 2. c4 c5 3. d5 e6 4. Nc3 exd5 5. cxd5 d6 6. e4 g6 7. Nf3 Bg7 8. Be2 a6 9. a4 Bg4 10. Nd2 Bxe2 11. Qxe2 0-0 12. Nc4 Ne8 13. Bf4 Nd7 1/2-1/2

[Event "Buenos Aires Proyeccion Olimp (Women)"]
[Site "Buenos Aires"]
[Date "2019.12.18"]
[Round "7"]
[White "Besso, Guadalupe"]
[Black "Borda Rodas, Anapaola S"]
[Result "1-0"]
[WhiteElo "2095"]
[BlackElo "2079"]
[PlyCount "175"]
[EventDate "2019.12.12"]
[EventType "tourn"]
[EventRounds "9"]
[EventCountry "ARG"]
[SourceTitle "CBM 194 Extra"]
[Source "ChessBase"]
[SourceDate "2020.03.31"]
[SourceVersion "1"]
[SourceVersionDate "2020.03.31"]
[SourceQuality "1"]

1. d4 Nf6 2. c4 g6 3. Nc3 d5 4. cxd5 Nxd5 5. e4 Nxc3 6. bxc3 Bg7 7. Bc4 0-0 8. Ne2 Nc6 9. e5 Na5 10. Bd3 c5 11. h4 Be6 12. h5 cxd4 13. cxd4 Bc4 14. hxg6 hxg6 15. Bxc4 Nxc4 16. Qd3 Qc8 17. Nf4 Nxe5 18. dxe5 Bxe5 19. Rb1 Rd8 20. Qb3 Qf5 21. Ne2 Rd3 22. Qb4 Rad8 23. 0-0 a5 24. Qxb7 Rb8 25. Qxb8+ Bxb8 26. Rxb8+ Kg7 27. Ng3 Qd5 28. a3 f6 29. Rc8 Qd7 30. Rc2 Rd1 31. Rc5 Rd3 32. Rxa5 Qc7 33. Ra4 Qc6 34. Rb4 e5 35. Bb2 Rd7 36. Rc1 Qd5 37. Ne4 g5 38. f3 Qd3 39. Kf2 Qa6 40. Rb3 Qa7+ 41. Kf1 Qa6+ 42. Kf2 Qa7+ 43. Kg3 Rf7 44. Rc6 Qa8 45. Rxf6 Rxf6 46. Bxe5 Kg6 47. Bxf6 Qd5 48. Rc3 g4 49. Rc5 Qb3 50. Rg5+ Kf7 51. Rxg4 Qxa3 52. Bh4 Qc1 53. Kh2 Qh6 54. Ng5+ Ke8 55. Kh3 Qc6 56. Re4+ Kf8 57. Ne6+ Kg8 58. Rg4+ Kf7 59. Ng5+ Kg7 60. Ne4+ Kf7 61. Rf4+ Kg8 62. Rf6 Qd7+ 63. Kg3 Qc7+ 64. Kg4 Qd7+ 65. Kg3 Qc7+ 66. f4 Qb7 67. Ng5 Qb3+ 68. Kh2 Qe3 69. Bg3 Qe2 70. Rh6 Qe3 71. Nf3 Kg7 72. Rh5 Qe4 73. Ne5 Qe2 74. Rg5+ Kf8 75. f5 Qe3 76. Rh5 Qe2 77. Rh6 Qe3 78. Re6 Qg5 79. Ng6+ Kg8 80. Nh4 Kf7 81. Rb6 Qg4 82. Rg6 Qe4 83. Kh3 Qb1 84. Re6 Qd3 85. Kg4 Qd1+ 86. Nf3 Qf1 87. Ng5+ Kf8 88. Bd6+ 1-0

[Event "La Cumbre Rusnak Memorial op"]
[Site "La Cumbre"]
[Date "2019.09.14"]
[Round "3.5"]
[White "Suarez, Mauricio Josue"]
[Black "Besso, Guadalupe"]
[Result "1-0"]
[WhiteElo "2168"]
[BlackElo "2117"]
[PlyCount "63"]
[EventDate "2019.09.13"]
[EventType "swiss"]
[EventRounds "6"]
[EventCountry "ARG"]
[SourceTitle "EXT 2024"]
[Source "ChessBase"]
[SourceDate "2023.10.10"]
[SourceVersion "1"]
[SourceVersionDate "2023.10.10"]
[SourceQuality "1"]

1. c4 Nf6 2. Nc3 d5 3. cxd5 Nxd5 4. g3 Nxc3 5. bxc3 g6 6. Bg2 Bg7 7. Rb1 Nd7 8. Nf3 0-0 9. 0-0 Nb6 10. Qc2 Bd7 11. d3 c5 12. c4 Bc6 13. Bb2 Qd6 14. Bxg7 Kxg7 15. Nd2 Bxg2 16. Kxg2 Nc8 17. Qb2+ Kg8 18. Ne4 Qd8 19. Qxb7 Nd6 20. Qd5 Nxe4 21. Qxe4 Qd6 22. Rb7 e6 23. Rfb1 Qa6 24. R1b2 Qa3 25. Qe5 Rac8 26. h4 h5 27. g4 hxg4 28. h5 gxh5 29. Qg5+ Kh8 30. Qxh5+ Kg7 31. Qg5+ Kh7 32. Rb1 1-0

[Event "San Salvador op"]
[Site "San Salvador"]
[Date "2019.06.22"]
[Round "3"]
[White "Besso, Guadalupe"]
[Black "Sarli, Arnoldo"]
[Result "1-0"]
[WhiteElo "2181"]
[BlackElo "1635"]
[PlyCount "67"]
[EventDate "2019.06.21"]
[EventType "swiss"]
[EventRounds "6"]
[EventCountry "ARG"]
[SourceTitle "CBM 191 Extra"]
[Source "ChessBase"]
[SourceDate "2019.09.30"]
[SourceVersion "1"]
[SourceVersionDate "2019.09.30"]
[SourceQuality "1"]

1. d4 Nf6 2. Nf3 e6 3. c4 d5 4. Nc3 Be7 5. Bg5 h6 6. Bh4 0-0 7. e3 c5 8. dxc5 Bxc5 9. cxd5 exd5 10. Bxf6 Qxf6 11. Qxd5 Bb4 12. Qd4 Bxc3+ 13. bxc3 Qe7 14. Bd3 Qc7 15. 0-0 Nc6 16. Qe4 g6 17. Qh4 Kg7 18. Rab1 Be6 19. Rb2 Rad8 20. Nd4 Bd7 21. Rfb1 b6 22. Be4 Ne5 23. Qg3 Rde8 24. Rb4 Qc8 25. h3 Nc4 26. Bd3 Ne5 27. Bb5 a6 28. Bxd7 Nxd7 29. Nf5+ Kh7 30. Nd6 Qxc3 31. Nxe8 Rxe8 32. Qd6 Qc8 33. Qd5 Kg7 34. Rc4 1-0

[Event "Santa Fe Litoral op"]
[Site "Santa Fe"]
[Date "2018.10.28"]
[Round "6.5"]
[White "Rodriguez Vila, Andres"]
[Black "Besso, Guadalupe"]
[Result "1-0"]
[WhiteElo "2489"]
[BlackElo "2092"]
[PlyCount "47"]
[EventDate "2018.10.26"]
[EventType "swiss"]
[EventRounds "6"]
[EventCountry "ARG"]
[SourceTitle "EXT 2024"]
[Source "ChessBase"]
[SourceDate "2023.10.10"]
[SourceVersion "1"]
[SourceVersionDate "2023.10.10"]
[SourceQuality "1"]

1. e4 c5 2. Nc3 Nc6 3. Nge2 g6 4. d4 cxd4 5. Nxd4 Bg7 6. Nb3 d6 7. Be2 Nf6 8. g4 0-0 9. f4 a5 10. a4 Nb4 11. g5 Nd7 12. Be3 Qc7 13. Nd4 b6 14. Ncb5 Qb8 15. c3 e5 16. Nf3 Nc6 17. f5 Rd8 18. Bc4 Nc5 19. Bd5 Bb7 20. 0-0 Na7 21. Nh4 Bxd5 22. Qxd5 Rd7 23. fxg6 hxg6 24. Rxf7 1-0

[Event "Parana Dos Orillas 7th"]
[Site "Parana"]
[Date "2018.08.05"]
[Round "6.3"]
[White "Besso, Guadalupe"]
[Black "Sanhueza, Cristian"]
[Result "1/2-1/2"]
[WhiteElo "2058"]
[BlackElo "2283"]
[PlyCount "52"]
[EventDate "2018.08.03"]
[EventType "swiss"]
[EventRounds "6"]
[EventCountry "ARG"]
[SourceTitle "EXT 2024"]
[Source "ChessBase"]
[SourceDate "2023.10.10"]
[SourceVersion "1"]
[SourceVersionDate "2023.10.10"]
[SourceQuality "1"]

1. d4 Nf6 2. c4 g6 3. Nc3 Bg7 4. e4 d6 5. Be2 0-0 6. Nf3 e5 7. 0-0 exd4 8. Nxd4 Re8 9. f3 Nc6 10. Nb3 a5 11. Be3 a4 12. Nd4 a3 13. b3 Nh5 14. Nxc6 bxc6 15. Qd2 c5 16. Rac1 Bb7 17. Nd5 f5 18. Bg5 Bd4+ 19. Kh1 Qd7 20. exf5 gxf5 21. Bd3 Qf7 22. Rce1 Bxd5 23. cxd5 f4 24. Re6 Be3 25. Qe1 Rxe6 26. dxe6 Qxe6 1/2-1/2

[Event "Parana Dos Orillas 7th"]
[Site "Parana"]
[Date "2018.08.05"]
[Round "5.5"]
[White "Perez, Daniel Guillermo"]
[Black "Besso, Guadalupe"]
[Result "1/2-1/2"]
[WhiteElo "2123"]
[BlackElo "2058"]
[PlyCount "120"]
[EventDate "2018.08.03"]
[EventType "swiss"]
[EventRounds "6"]
[EventCountry "ARG"]
[SourceTitle "EXT 2024"]
[Source "ChessBase"]
[SourceDate "2023.10.10"]
[SourceVersion "1"]
[SourceVersionDate "2023.10.10"]
[SourceQuality "1"]

1. e4 c5 2. Nf3 Nc6 3. d4 cxd4 4. Nxd4 g6 5. c4 Bg7 6. Be3 d6 7. Qd2 Nf6 8. f3 0-0 9. Nc3 Nxd4 10. Bxd4 Be6 11. Be2 Nd7 12. Be3 Rc8 13. Nd5 Bxd5 14. cxd5 Nb6 15. 0-0 Na4 16. Rab1 a6 17. Bd1 Nb6 18. Bb3 Nd7 19. Qb4 b5 20. a4 bxa4 21. Bxa4 a5 22. Qe1 Nc5 23. Bc6 Qb6 24. b4 axb4 25. Qxb4 Qxb4 26. Rxb4 Rb8 27. Rfb1 Rxb4 28. Rxb4 h6 29. Rb5 f5 30. exf5 gxf5 31. Kf1 Nd3 32. f4 Rd8 33. Rb7 Bf6 34. Bd7 Nc5 35. Bxc5 dxc5 36. Bxf5 c4 37. Rc7 c3 38. Ke2 Rb8 39. Rc8+ Rxc8 40. Bxc8 Kf8 41. Bf5 Ke8 42. Kf3 Kf7 43. g4 Kg7 44. Kg3 Bd4 45. h4 Be3 46. Bc2 Bd2 47. g5 Bc1 48. Kg4 Be3 49. f5 Bc5 50. Kh5 hxg5 51. hxg5 Bd6 52. Kg4 Ba3 53. Kf3 Kf7 54. Ke4 Bc1 55. g6+ Kf6 56. Kd4 Bd2 57. Kc4 Kg7 58. Kc5 Bf4 59. Kc6 Kf6 60. Kd7 Bd6 1/2-1/2